书目信息 |
| 题名: |
玩转Linux
|
|
| 作者: | 尼格斯, , Negus, , 沃尔伯, , Wolber, 著 ;张颖 , 吴东升 译 | |
| 分册: | ||
| 出版信息: | 北京 清华大学出版社 2005.3 |
|
| 页数: | XVII,300页 | |
| 开本: | 23cm | |
| 丛书名: | ||
| 单 册: | ||
| 中图分类: | TP316.81 | |
| 科图分类: | ||
| 主题词: | UNIX操作系统--UNIX cao zuo xi tong | |
| 电子资源: | ||
| ISBN: | 7-302-10298-8 | |
| 000 | 01216cam0 2200337 450 | |
| 001 | 012005050627 | |
| 005 | 20051125154323.85 | |
| 010 | @a7-302-10298-8@dCNY46.80(含光盘) | |
| 010 | @a7-89494-645-1@b光盘 | |
| 100 | @a20050716d2005 em y0chiy0121 ea | |
| 101 | 1 | @achi@ceng |
| 102 | @aCN@b110000 | |
| 105 | @af z 000yy | |
| 200 | 1 | @a玩转Linux@Awan zhuan Linux@f[尼格斯]Christopher Negus,[沃尔伯]Chuck Wolber著@g张颖,吴东升等译 |
| 210 | @a北京@c清华大学出版社@d2005.3 | |
| 215 | @aXVII,300页@c图@d23cm@e光盘1片 | |
| 306 | @a由美国John Wiley & Sons.Inc.公司授权出版 | |
| 330 | @a本书包括Linux的介绍性材料、实际项目、获取和安装软件的信息以及一些使用Red Hat Linux的基础知识。 | |
| 510 | 1 | @aLinux toys@zeng |
| 606 | 0 | @aUNIX操作系统@AUNIX cao zuo xi tong |
| 610 | 0 | @aLinux |
| 690 | @aTP316.81@v4 | |
| 701 | 1 | @a尼格斯,@Ani ge si@bC.@g(Negus, Christopher)@4著 |
| 701 | 1 | @aNegus,@bC.@g(Negus, Christopher)@4著 |
| 701 | 1 | @a沃尔伯,@Awo er bo@bC.@g(Wolber, Chuck)@4著 |
| 701 | 1 | @aWolber,@bC.@g(Wolber, Chuck)@4著 |
| 702 | 0 | @a张颖@Azhang ying@4译 |
| 702 | 0 | @a吴东升@Awu dong sheng@4译 |
| 801 | 0 | @aCN@bSRXX@c20051125 |
| 801 | 2 | @aCN@bSRXX@c20051110 |
| 905 | @a10447@dTP316.81@eN440 | |
| 玩转Linux/[尼格斯]Christopher Negus,[沃尔伯]Chuck Wolber著/张颖,吴东升等译.-北京:清华大学出版社,2005.3 |
| XVII,300页:图;23cm+光盘1片 |
| ISBN 7-302-10298-8:CNY46.80(含光盘) |
| 本书包括Linux的介绍性材料、实际项目、获取和安装软件的信息以及一些使用Red Hat Linux的基础知识。 |
| ● |
| 相关链接 |
|
|
|
正题名:玩转Linux
索取号:TP316.81/N440
 
预约/预借
| 序号 | 登录号 | 条形码 | 馆藏地/架位号 | 状态 | 备注 |
| 1 | 544681 | 205446819 | 自科库301/301自科库 58排2列1层/ [索取号:TP316.81/N440] | 在馆 | |
| 2 | 544682 | 205446828 | 自科二线404/404自科库 15排5列3层/ [索取号:TP316.81/N440] | 在馆 | |
| 3 | 544683 | 205446837 | 自科库301/301自科库 58排2列1层/ [索取号:TP316.81/N440] | 在馆 |